000 00402nam a22001697a 4500
003 NUST - PNEC
005 20170116181124.0
008 151005b xxu||||| |||| 00| 0 eng d
020 _a-
040 _cLIBRARY
082 _a891.439 HIJ
100 _913603
_aHijazi, Nasim
245 _aQafla e hijaz
_cNasim Hijazi
260 _c-
650 _913606
_aUrdu Literature
_xGeneral
942 _2ddc
_cBK
999 _c69673
_d69673